Descifra los mensajes del cuerpo: las raíces psicológicas de los trastornos físicos

Guardat en:
Dades bibliogràfiques
Autor principal: Rush, Martin (Autor)
Format: Llibre
Idioma:espanyol
Publicat: Madrid EDAF 1995
Col·lecció:Plus Vitae, 167
Matèries:
Etiquetes: Afegir etiqueta
Sense etiquetes, Sigues el primer a etiquetar aquest registre!

MARC

LEADER 00000nam a2200000 a 4500
001 UCH6592
003 CL-VaPUC
008 091109e19950000SP |||||||||||||||||spa|d
020 |a 8476409850 
082 0 4 |a 612  |b RUS  |2 21 
100 0 |a Rush, Martin  |e author  |9 543195 
245 1 0 |a Descifra los mensajes del cuerpo: las raíces psicológicas de los trastornos físicos 
300 |a 220 p 
942 |c BK 
945 |d 20091109 00:00:00  |a ccalabra 
260 |a Madrid  |b EDAF  |c 1995 
650 0 |a Psicología   |9 257863 
650 0 |a Cuerpo humano  |9 257169 
650 0 |a Conducta humana   |9 269906 
650 7 |a FISIOLOGIA  |2 CL-VaPUC  |9 543196 
583 |a last modification  |c 20160307 01:05:37  |k Rodrigo Vera 
490 0 |a Plus Vitae, 167 
999 |c 337457  |d 337455